My Strange Addiction (Record no. 335062)
[ view plain ]
| 000 -LEADER | |
|---|---|
| fixed length control field | 00529nam a2200097Ia 4500 |
| 008 - FIXED-LENGTH DATA ELEMENTS--GENERAL INFORMATION | |
| fixed length control field | 170517s9999 xx 000 0 und d |
| 245 ## - TITLE STATEMENT | |
| Title | My Strange Addiction |
| 300 ## - PHYSICAL DESCRIPTION | |
| Extent | My Strange Addiction is a TLC documentary television series about people with unusual compulsive behaviors. These range from eating specific non-food items and ritualistic daily activities to bizarre personal fixations or beliefs. Despite the title of the show, few... |
| 650 ## - SUBJECT ADDED ENTRY--TOPICAL TERM | |
| General subdivision | Technology. |
| 856 ## - ELECTRONIC LOCATION AND ACCESS | |
| Uniform Resource Identifier | <a href="http://topdocumentaryfilms.com/my-strange-addiction/">http://topdocumentaryfilms.com/my-strange-addiction/</a> |
| Withdrawn status | Lost status | Damaged status | Home library | Current library | Date acquired | Total Checkouts | Date last seen | Price effective from | Koha item type |
|---|---|---|---|---|---|---|---|---|---|
| College Library | College Library | 05/17/2017 | 05/17/2017 | 05/17/2017 | Documentary Films |